000 00651nam a2200205Ia 4500
003 GCL
008 140319s9999 xx 000 0 ara d
040 _aGCL /
_cGCL
082 0 4 _a724.9
_bم ت
100 1 _aمحمد محمود عويضة
245 1 0 _aتطور الفكر المعمارى فى القرن العشرين /
_cمحمد محمود عويضة
260 _aبيروت :
_bدار النهضة العربية ،
_c1984
300 _a172 ص:
_bايض ؛
_c172 ص
490 _a
650 0 4 _aالبناء
650 0 4 _aالعمارة
650 0 4 _aالعمارة الحديثة
650 0 4 _aالمعماريون
942 _2ddc
_cBK
999 _c40164
_d40164